00713nab a2200217 uc450000100070000000500170000700800410002403500110006503500210007604000130009704100080011010000290011824500520014765000410019965000260024065000250026665000320029170000340032370000350035777301030039265981420241106091130.0010424s2001 spa  a659814 a(OCoLC)819906029 ccomduadb aspa10aTrillo Fox, I.4auteaut10aMejora del sistema de aereacion de una E.D.A.R. 7aAguas residualesxTratamiento2embne aDepuración del agua aConsumo de oxígeno aAseguramiento de la calidad10aTrillo Montsoriu, J4auteaut10aGarcia del Campo, I.4auteaut0 tIngeniería Química (Madrid)gVol. 33, No. 375, Ene. 2001, p. 123-129w102048x0210-2064089813